000 00307nam a22001337a 4500
008 171030b xxu||||| |||| 00| 0 eng d
020 _a9780070074170
041 _aeng
080 _25TH
_a336
100 _a57
101 _aFIN
245 _aPRINCIPLES OF CORPORATE FINANCE
_cBREALEY,R.A
942 _2udc
_cBK
999 _c36409
_d36409